<?xml version="1.0" encoding="UTF-8"?><?xml-stylesheet type="text/xsl" href="static/style.xsl"?><OAI-PMH xmlns="http://www.openarchives.org/OAI/2.0/" xmlns:xsi="http://www.w3.org/2001/XMLSchema-instance" xsi:schemaLocation="http://www.openarchives.org/OAI/2.0/ http://www.openarchives.org/OAI/2.0/OAI-PMH.xsd"><responseDate>2026-06-02T02:50:31Z</responseDate><request verb="GetRecord" identifier="oai:riubu.ubu.es:10259/8395" metadataPrefix="marc">https://riubu.ubu.es/oai/request</request><GetRecord><record><header><identifier>oai:riubu.ubu.es:10259/8395</identifier><datestamp>2024-01-20T01:05:14Z</datestamp><setSpec>com_10259_5841</setSpec><setSpec>com_10259_5086</setSpec><setSpec>com_10259_2604</setSpec><setSpec>com_10259_4725</setSpec><setSpec>col_10259_5842</setSpec><setSpec>col_10259_4726</setSpec></header><metadata><record xmlns="http://www.loc.gov/MARC21/slim" xmlns:doc="http://www.lyncode.com/xoai" xmlns:xsi="http://www.w3.org/2001/XMLSchema-instance" xmlns:dcterms="http://purl.org/dc/terms/" xsi:schemaLocation="http://www.loc.gov/MARC21/slim http://www.loc.gov/standards/marcxml/schema/MARC21slim.xsd">
<leader>00925njm 22002777a 4500</leader>
<datafield tag="042" ind1=" " ind2=" ">
<subfield code="a">dc</subfield>
</datafield>
<datafield tag="720" ind1=" " ind2=" ">
<subfield code="a">Escolar Llamazares, María del Camino</subfield>
<subfield code="e">author</subfield>
</datafield>
<datafield tag="720" ind1=" " ind2=" ">
<subfield code="a">Martínez Martín, Mª Ángeles</subfield>
<subfield code="e">author</subfield>
</datafield>
<datafield tag="720" ind1=" " ind2=" ">
<subfield code="a">González Alonso, María Yolanda</subfield>
<subfield code="e">author</subfield>
</datafield>
<datafield tag="720" ind1=" " ind2=" ">
<subfield code="a">Medina Gómez, Mª Begoña</subfield>
<subfield code="e">author</subfield>
</datafield>
<datafield tag="720" ind1=" " ind2=" ">
<subfield code="a">Mercado Val, Elvira</subfield>
<subfield code="e">author</subfield>
</datafield>
<datafield tag="720" ind1=" " ind2=" ">
<subfield code="a">Lara Ortega, Fernando</subfield>
<subfield code="e">author</subfield>
</datafield>
<datafield tag="260" ind1=" " ind2=" ">
<subfield code="c">2017-06</subfield>
</datafield>
<datafield tag="520" ind1=" " ind2=" ">
<subfield code="a">Eating disorders (ED) are a public health problem which it has been increasing. The&#xd;
aim of this study was to estimate the vulnerability of university students to an ED. We worked&#xd;
with a probabilistic sample of 561 students (Mage = 21.7; SD = 4.1), 42.8% men and 57.2% women.&#xd;
They completed the Inventory Eating Disorder-Reference criterion (EDI-3-RF), also we took&#xd;
anthropometric measures. The results show that: women have a significantly more obsession&#xd;
with thinness and body dissatisfaction; the students under 20 years old showed significant more&#xd;
bulimic behaviors; men prefer to do physical exercise as a way to control their weight; about&#xd;
7.7% should be referred to a specialized center for having low weight along with excessive&#xd;
concern about food and weight. It is concluded that it is necessary to implement preventive&#xd;
programs and intervention measures aimed towards to the university students who promote&#xd;
healthy eating habits, improve the perception of their body image and diminish the obsessive&#xd;
preoccupation with thinness.</subfield>
</datafield>
<datafield tag="024" ind2=" " ind1="8">
<subfield code="a">2007-1523</subfield>
</datafield>
<datafield tag="024" ind2=" " ind1="8">
<subfield code="a">http://hdl.handle.net/10259/8395</subfield>
</datafield>
<datafield tag="024" ind2=" " ind1="8">
<subfield code="a">10.1016/j.rmta.2017.05.003</subfield>
</datafield>
<datafield ind1=" " ind2=" " tag="653">
<subfield code="a">Eating disorders</subfield>
</datafield>
<datafield ind1=" " ind2=" " tag="653">
<subfield code="a">Eating behaviors</subfield>
</datafield>
<datafield ind1=" " ind2=" " tag="653">
<subfield code="a">Risk factors</subfield>
</datafield>
<datafield ind1=" " ind2=" " tag="653">
<subfield code="a">Body image</subfield>
</datafield>
<datafield ind1=" " ind2=" " tag="653">
<subfield code="a">University students</subfield>
</datafield>
<datafield ind1=" " ind2=" " tag="653">
<subfield code="a">Trastornos alimentarios</subfield>
</datafield>
<datafield ind1=" " ind2=" " tag="653">
<subfield code="a">Conductas alimentarias</subfield>
</datafield>
<datafield ind1=" " ind2=" " tag="653">
<subfield code="a">Factores de riesgo</subfield>
</datafield>
<datafield ind1=" " ind2=" " tag="653">
<subfield code="a">Imagen corporal</subfield>
</datafield>
<datafield ind1=" " ind2=" " tag="653">
<subfield code="a">Estudiantes universitarios</subfield>
</datafield>
<datafield tag="245" ind1="0" ind2="0">
<subfield code="a">Risk factors of eating disorders in university students: Estimation of vulnerability by sex and age</subfield>
</datafield>
</record></metadata></record></GetRecord></OAI-PMH>